000 00294nam a22001337a 4500
008 170204b xxu||||| |||| 00| 0 eng d
020 _a9781582553603
041 _aeng
080 _28TH
_a61
100 _a3
101 _aSHM
245 _aNCLEX-RN EXAMINATION
_cBILLINGS, D.M
942 _2udc
_cBK
999 _c4583
_d4583